00241nam a2200097Ia 4500008004100000041001200041100001600053245006100069260000600130650000700136221030s9999 xx 000 0 und d aEnglish aI. Jacobson 4aThe Unified Software Development Processcby I. Jacobson c0 aMc